Donald's nephews in different languages Quiz Stats

Quiz not verified by Sporcle

Challenge
Share
Tweet
Embed
Score 0/39 Timer 05:00
0 Plays Today
Language Nephews % Correct
EnglishLouie
81.6%
EnglishHuey
79.6%
EnglishDewey
79.6%
SwedishKnatte
30.6%
DutchKwik
30.6%
DutchKwek
30.6%
DutchKwak
30.6%
SwedishTjatte
28.6%
GermanTrick
28.6%
GermanTrack
28.6%
GermanTick
26.5%
ItalianQui
26.5%
ItalianQuo
26.5%
ItalianQua
26.5%
FrenchFifi
24.5%
IcelandicRipp
24.5%
IcelandicRapp
24.5%
IcelandicRupp
24.5%
FrenchRiri
22.4%
FrenchLoulou
22.4%
Language Nephews % Correct
SwedishFjatte
18.4%
SpanishJorgito
18.4%
SpanishJuanito
18.4%
SpanishJaimito
18.4%
EstonianHups
18.4%
EstonianTups
18.4%
EstonianLups
18.4%
PolishZyzio
18.4%
PolishHyzio
16.3%
PolishDyzio
16.3%
LatinTitus
14.3%
LatinTotus
14.3%
FaroeseDinni
12.2%
FaroeseDanni
12.2%
FaroeseDunni
12.2%
CroatianHinko
12.2%
CroatianDinko
12.2%
CroatianVinko
12.2%
LatinTutus
12.2%

You're not logged in!

Compare scores with friends on all Sporcle quizzes.
Join for Free
OR
Log In

You Might Also Like...

Show Comments

Extras

Top Quizzes Today


Score Distribution

Your Account Isn't Verified!

In order to create a playlist on Sporcle, you need to verify the email address you used during registration. Go to your Sporcle Settings to finish the process.

Report this User

Report this user for behavior that violates our Community Guidelines.

Details: